Cd̤igo penal y legislacin̤ complementaria

Detalles Bibliográficos
Formato: eBook
Lenguaje:español
Publicado: Madrid : Dykinson, 2012
Materias:
Acceso en línea:Acceso restringido

MARC

LEADER 00000nam a22000007a 4500
005 20131129123341.0
007 cr|||| ||||
008 131129s2012 sp |||||s|||| 00||0 spa d
035 |a 11674 
040 |a vLex 
090 |c 4607  |d 4607 
245 0 0 |a Cd̤igo penal y legislacin̤ complementaria  |h [Recurso electrn̤ico] 
256 |a Servicio en ln̕ea 
260 |a Madrid :  |b Dykinson,  |c 2012 
300 |a 1 recurso electrn̤ico 
506 1 |a Contenido solo disponible en los productos indicados  |d vLex Global  |d vLex Global (Academic Edition, excluding Law Schools)  |d vLex Global (U.S. Academic Edition, Law Schools)  |d vLex Global (U.S. Academic Edition, excluding Law Schools)  |d vLex Global (Academic Edition, Law Schools) 
650 0 4 |a Derecho penal  |x Legislacin̤ 
740 0 |a vLex Libros (Servicio en ln̕ea) 
856 4 0 |u http://vlex.com/source/codigo-penal-legislacion-complementaria-11674  |z Acceso restringido 
942 |c BOOK 
999 0 |a Criminal law